000
00272nam a2200109Ia 4500
008
200302s9999 xx 000 0 und d
100
_a
Nicoletta Trasi
245
_a
A D Interdisciplinary Architecture
260
_b
John Willey and Sons Inc.
260
_c
2001
300
_a
224
999
_c
6423
_d
6423